000 00555nam a2200205Ia 4500
005 20250923145609.0
008 008 250917s9999 xx 000 0 eng d
037 _aTextual
040 _aDSWL
_beng
_cDSWL
041 _aeng
_2eng
084 _aY:45151:g, N74
_qDSWL
100 _aCrick, B.
_9836985
245 0 _aCrime, rape and gin
_c by B.Crick
260 _aLondon
_bElek & Pimberton
_c1974
300 _a96 p.
365 _aINR
_b60.07
925 _g60.07
942 _cTEXL
_hY:45151:g, N74
999 _c1453292
_d1453292